| 000 | 00585nam a2200229Ia 4500 | ||
|---|---|---|---|
| 003 | OSt | ||
| 005 | 20140405093534.0 | ||
| 008 | 140130s9999 xx 000 0 und d | ||
| 020 | _a059099459x | ||
| 050 |
_aPZ 8.3 _b.C456Fi 1989 |
||
| 100 |
_aChristelow, Eileen _927877 |
||
| 245 |
_cChristelow, Eileen _aFive little monkeys jumping on the bed / |
||
| 260 |
_bScholastic, _c1989. _aNew York : |
||
| 300 |
_a32 p. : _bcol. ill. ; _c22 cm. |
||
| 440 |
_v1 _930795 |
||
| 521 | _aG2 | ||
| 526 | _c310 | ||
| 942 |
_cBK _2lcc |
||
| 999 |
_c40141 _d40141 |
||